Alvear /

Guardado en:
Autor Principal: Luna, Felix
Formato: Libro
Publicado: Argentina : Editorial de Belgrano, 1982
Materias:
Etiquetas: Agregar Etiqueta
Sin Etiquetas, Sea el primero en etiquetar este registro!
LEADER 00429nam a22001695a 4500
001 CEM.cems003969
005 19000101000000.0
008 130507s1982##################000#0#####d
003 CEMS
082 0 4 |a 923 
100 1 |a Luna, Felix 
245 1 0 |a Alvear / 
260 |a Argentina :  |b Editorial de Belgrano,  |c 1982 
300 |a 353 p. 
653 |a Alvear 
653 |a Biografias 
859 |a CEMS  |b BIB. CEMS - 11 de abril  |h 923  |i AL87  |p 15899.90  |t Ej.1